| 000 | 00612nam a22001697a 4500 | ||
|---|---|---|---|
| 003 | OSt | ||
| 005 | 20251127105220.0 | ||
| 008 | 251127b |||||||| |||| 00| 0 eng d | ||
| 040 |
_aDWCL-Main lib _cOC |
||
| 082 |
_22002 ed. _aFil. 657.3 E93c 2002 |
||
| 100 | _aRosalinda D. Evangelista | ||
| 245 |
_aA cheklist & guide to the use of the statement of financial accountinfg standards (SFAS) of the Philippines vol. 1/ _cRosalinda D. Evangelista |
||
| 260 |
_aManila : _bGIC Enterprises & Co., Inc., _cc2002. |
||
| 300 |
_avarious paging ; _c23 cm. |
||
| 650 | _aAccounting. | ||
| 942 |
_2ddc _cBK - FIL _e2002 ed. _kFil. _n0 |
||
| 999 |
_c6444 _d6444 |
||